[Event "Berlin op 10"]
[Site "Berlin"]
[Date "2003.10.20"]
[Round "2"]
[White "Kiesekamp, Marcos"]
[Black "Amon, Frederik"]
[Result "1-0"]
[WhiteElo "2173"]
[BlackElo "1880"]
[PlyCount "47"]
[EventDate "2003.10.13"]
[EventType "swiss"]
[EventRounds "7"]
[EventCountry "GER"]
[SourceTitle "EXT 2007"]
[Source "ChessBase"]
[SourceDate "2006.11.23"]
[SourceVersion "1"]
[SourceVersionDate "2006.11.23"]
[SourceQuality "1"]

1. d4 d5 2. c4 e6 3. Nc3 Nf6 4. cxd5 exd5 5. Bg5 Be7 6. e3 0-0 7. Bd3 c6 8. Qc2 h6 9. Bf4 Bd6 10. Nge2 Bxf4 11. Nxf4 Nbd7 12. Rg1 Re8 13. g4 Ne4 14. Bxe4 dxe4 15. Nxe4 Qe7 16. Ng3 Nb6 17. Nf5 Qg5 18. 0-0-0 Kh8 19. h4 Bxf5 20. gxf5 Qxh4 21. f6 Nd5 22. Rxg7 Nxf6 23. Rxf7 Qg5 24. Nh3 1-0